书目信息 |
| 题名: |
2006MBA联考备考教程
|
|
| 作者: | ;MBA入学考试命题研究组 编 | |
| 分册: | 数学分册 | |
| 出版信息: | 北京 清华大学出版社 2005.04 |
|
| 页数: | XIV, 277页 | |
| 开本: | 26cm | |
| 丛书名: | ||
| 单 册: | ||
| 中图分类: | F203.9-42 , G643 | |
| 科图分类: | ||
| 主题词: | 工商行政管理--gong shang xing zheng guan li--研究生教育--入学考试--自学参考资料 , 数学--shu xue--研究生教育--入学考试--自学参考资料 | |
| 电子资源: | ||
| ISBN: | 7-302-10788-2 | |
| 000 | 01074nam0 2200265 450 | |
| 001 | CAL 012005056974 | |
| 005 | 20060427111815.51 | |
| 010 | @a7-302-10788-2@dCNY 29.80 | |
| 099 | @aCAL 012005056974 | |
| 100 | @a20050516d2005 ekmy0chiy0121 ea | |
| 101 | 0 | @achi |
| 102 | @aCN@b110000 | |
| 200 | 1 | @a2006MBA联考备考教程@A2006mba lian kao bei kao jiao cheng@i数学分册@fMBA入学考试命题研究组编 |
| 210 | @a北京@c清华大学出版社@d2005.04 | |
| 215 | @aXIV, 277页@c图@d26cm | |
| 330 | @a本书共分五部分,前四部分是考试要点精析,对考生必备的知识进行了简明的总结。第五部分是历年试题与解析,提供了近年的MBA考试真题,并祥加解析。 | |
| 517 | 1 | @aMBA联考备考教程@Amba lian kao bei kao jiao cheng |
| 517 | 1 | @a数学分册@Ashu xue fen ce |
| 606 | 0 | @a工商行政管理@Agong shang xing zheng guan li@x研究生教育@x入学考试@j自学参考资料 |
| 606 | 0 | @a数学@Ashu xue@x研究生教育@x入学考试@j自学参考资料 |
| 690 | @aF203.9-42@v4 | |
| 690 | @aG643@v4 | |
| 711 | 02 | @aMBA入学考试命题研究组@Amba ru xue kao shi ming ti yan jiu zu@4编 |
| 801 | 0 | @aCN@bTSU@c20060427 |
| 905 | @a10447@dG643@eR848 | |
| 2006MBA联考备考教程.数学分册/MBA入学考试命题研究组编.-北京:清华大学出版社,2005.04 |
| XIV, 277页:图;26cm |
| ISBN 7-302-10788-2:CNY 29.80 |
| 本书共分五部分,前四部分是考试要点精析,对考生必备的知识进行了简明的总结。第五部分是历年试题与解析,提供了近年的MBA考试真题,并祥加解析。 |
| ● |
| 相关链接 |
|
|
|
正题名:2006MBA联考备考教程
索取号:G643/R848
 
预约/预借
| 序号 | 登录号 | 条形码 | 馆藏地/架位号 | 状态 | 备注 |
| 1 | 602044 | 206020447 | 社科库409/409社科库 11排3列3层/ [索取号:G643/R848] | 在馆 | |
| 2 | 602045 | 206020456 | 社科库409/409社科库 11排3列3层/ [索取号:G643/R848] | 在馆 |